[Event "Monarch Assurance Isle of Man"]
[Site "Port Erin IOM"]
[Date "2006.09.29"]
[Round "7.2"]
[White "Volkov, Sergey1"]
[Black "Bartel, Mateusz"]
[Result "1/2-1/2"]
[WhiteElo "2628"]
[BlackElo "2561"]
[PlyCount "260"]
[EventDate "2006.09.23"]

1. d4 f5 2. Nc3 d5 3. Bg5 c6 4. e3 Be6 5. Bd3 Nd7 6. Nf3 Ngf6 7. O-O g6 8. Ne2
Bg7 9. Rc1 O-O 10. c4 dxc4 11. Nf4 Bf7 12. Bxc4 Bxc4 13. Rxc4 Qb6 14. Qc2 Rfe8
15. Rc3 e6 16. Rb3 Qc7 17. Bxf6 Bxf6 18. d5 Qd6 19. dxc6 Qxc6 20. Qxc6 bxc6 21.
Rc1 e5 22. Ne2 e4 23. Nd2 Ne5 24. Nd4 Rad8 25. Rb7 Re7 26. Rxe7 Bxe7 27. Nc4
Nxc4 28. Nxc6 Rd2 29. Nxe7+ Kf7 30. h3 Nxb2 31. Rc7 Ke6 32. Rxa7 Nd3 33. Nc6
Nxf2 34. Nd4+ Kd5 35. Nxf5 Rb2 {(=)} 36. Ng3 Nd3 37. Ra5+ Nc5 38. Ra7 h5 39. h4
Nd3 40. Ra5+ Nc5 41. Ra8 Rb1+ 42. Kh2 Re1 43. Rg8 Rxe3 44. Rxg6 Ra3 45. Rg5+
Kc4 46. Rxh5 Rxa2 47. Re5 Kd4 48. Re8 Rf2 49. h5 Rf6 50. Kg1 Kd5 51. Nf1 Re6
52. Rd8+ Ke5 53. g3 Kf6 54. Ne3 Nd3 55. Kg2 Kg5 56. Rh8 Ne5 57. Kh3 Nf7 58. Rf8
Rf6 59. Nd5 Rf5 60. Rg8+ Kh6 61. Nf4 e3 62. Rg6+ Kh7 63. Ra6 Re5 64. Ra2 Ng5+
65. Kg4 Ne4 66. Ra7+ Kh6 67. Ra6+ Kh7 68. Ne2 Nf2+ 69. Kh4 Re4+ 70. Kg5 Re5+ {
(=)} 71. Kf4 Rxh5 72. Ra7+ Kg6 73. Kxe3 Ng4+ 74. Kf3 Ne5+ 75. Ke4 Rg5 76. Nf4+
Kh6 77. Ra6+ Kh7 78. Ne6 Rxg3 79. Kxe5 Re3+ 80. Kf5 Rf3+ 81. Nf4 Rf1 82. Kg5
Rg1+ 83. Kf6 Rf1 84. Ra7+ Kh6 85. Kf5 Rg1 86. Ra2 Rf1 87. Rg2 Kh7 88. Rg4 Rf2
89. Kf6 Rf1 90. Kf7 Kh6 91. Rg6+ Kh7 92. Rf6 Ra1 93. Rf5 Ra7+ 94. Kf6 Ra6+ 95.
Ne6 Kh6 96. Rb5 Ra1 97. Rb4 Rf1+ 98. Nf4 Kh7 99. Kf5 Kg7 100. Rb7+ Kh6 101. Ra7
Rf2 102. Ra1 Kg7 103. Ke5 Rb2 104. Ne6+ Kf7 105. Ra7+ Kg6 106. Rg7+ Kh6 107.
Rg1 Re2+ 108. Kf5 Rf2+ 109. Nf4 Kh7 110. Ke5 Kh6 111. Ke4 Ra2 112. Nd5 Rf2 113.
Ke5 Re2+ 114. Kf5 Rf2+ 115. Ke6 Kh5 116. Ke5 Re2+ 117. Kf6 Rf2+ 118. Ke6 Re2+
119. Kf5 Rf2+ 120. Ke4 Kh6 121. Ke5 Re2+ 122. Kf6 Rf2+ 123. Ke7 Kh5 124. Ke6
Re2+ 125. Kf5 Rf2+ 126. Nf4+ Kh6 127. Rg4 Rf1 128. Kf6 Kh7 129. Rh4+ Kg8 130.
Ke7 Kg7 {50-move rule} 1/2-1/2

[Event "Monarch Assurance Isle of Man"]
[Site "Port Erin IOM"]
[Date "2006.09.29"]
[Round "7.3"]
[White "Akopian, Vladimir"]
[Black "Neverov, Valeriy"]
[Result "1-0"]
[WhiteElo "2713"]
[BlackElo "2556"]
[PlyCount "115"]
[EventDate "2006.09.23"]

1. e4 e5 2. Nf3 Nc6 3. Bb5 a6 4. Ba4 Nf6 5. O-O Be7 6. Re1 b5 7. Bb3 d6 8. c3
O-O 9. h3 Nb8 10. d4 Nbd7 11. Nbd2 Bb7 12. Bc2 Re8 13. b3 Bf8 14. d5 c6 15. c4
Qc7 16. Nf1 Rec8 17. Ne3 cxd5 18. cxd5 g6 19. Bd2 Bh6 20. Rc1 Qd8 21. Nh2 Nc5
22. Nhg4 Bg7 23. Nxf6+ Bxf6 24. g3 a5 25. Ng4 Bg7 26. Qf3 Rc7 27. h4 f6 28. h5
Bc8 29. hxg6 hxg6 30. Kg2 Qd7 31. Qxf6 Qxg4 32. Qd8+ Bf8 33. Qxc7 Qh3+ 34. Kg1
Bd7 35. Re3 Be7 36. Bd1 Rf8 37. Rxc5 dxc5 38. g4 Qh4 39. Rg3 Qf6 40. Rf3 Qd6
41. Rxf8+ Bxf8 42. Bxa5 Kf7 43. g5 Qe7 44. Qd8 c4 45. bxc4 bxc4 46. a4 Qxd8 47.
Bxd8 Bc5 48. Kg2 Bc8 49. Bf6 Bd6 50. Bc2 Kf8 51. f3 Ba6 52. Kf2 Bc5+ 53. Ke1
Bb7 54. Kd1 Bd6 55. Kd2 Bc7 56. Bd1 Ke8 57. Kc2 Kd7 58. f4 1-0

[Event "Monarch Assurance Isle of Man"]
[Site "Port Erin IOM"]
[Date "2006.09.29"]
[Round "7.4"]
[White "Areshchenko, Alexander"]
[Black "Socko, Bartosz"]
[Result "1-0"]
[WhiteElo "2641"]
[BlackElo "2621"]
[PlyCount "97"]
[EventDate "2006.09.23"]

1. e4 e5 2. Nf3 Nc6 3. Bc4 Bc5 4. d3 Nf6 5. c3 d6 6. O-O O-O 7. Bb3 h6 8. h3
Be6 9. Nbd2 d5 10. Re1 dxe4 11. dxe4 Qd6 12. Bc2 Ne7 13. Nh4 b5 14. Qf3 Nh7 15.
Qg3 Qb6 16. Ndf3 Ng6 17. b4 Be7 18. Nxg6 fxg6 19. Nxe5 Bd6 20. Be3 Qb8 21. Qxg6
Rf6 22. Qh5 c5 23. Nc6 Bh2+ 24. Kh1 Qc7 25. e5 Bf7 26. Ne7+ Kh8 27. Qh4 Qxe5
28. Bd4 Qf4 29. Bxf6 Nxf6 30. Qxf4 Bxf4 31. bxc5 Bd2 32. Re2 Bxc3 33. Rd1 Re8
34. c6 Ba5 35. Bb3 Bxb3 36. axb3 Kh7 37. Kg1 Ng8 38. Rd7 Bb4 39. Nd5 Rxe2 40.
Nxb4 Re1+ 41. Kh2 a5 42. c7 Rc1 43. Nd5 a4 44. bxa4 bxa4 45. Rd8 Ne7 46. Ra8 a3
47. Nxe7 Rxc7 48. Nd5 Rc5 49. Ne3 1-0

[Event "Monarch Assurance Isle of Man"]
[Site "Port Erin IOM"]
[Date "2006.09.29"]
[Round "7.5"]
[White "Vijayalakshmi, Subbaraman"]
[Black "Landa, Konstantin"]
[Result "1/2-1/2"]
[WhiteElo "2417"]
[BlackElo "2584"]
[PlyCount "136"]
[EventDate "2006.09.23"]

1. Nf3 c5 2. g3 g6 3. Bg2 Bg7 4. c4 Nc6 5. Nc3 d6 6. d3 Nh6 7. Rb1 Nf5 8. a3
O-O 9. O-O Rb8 10. Bd2 a6 11. b4 cxb4 12. axb4 b5 13. cxb5 axb5 14. Ne1 Bd7 15.
Nc2 {(=)} 15... e6 16. e3 Qb6 17. Qe2 Rfc8 18. Rfc1 d5 19. d4 Nce7 20. Ne1 Nd6
21. Nd3 Ra8 22. Ra1 Nc4 23. Nc5 Bc6 24. Qd1 Rd8 25. Ne2 Nf5 26. Bc3 Nfd6 27.
Rxa8 Rxa8 28. Ra1 Ra7 29. Rxa7 Qxa7 30. Qa1 Qxa1+ 31. Bxa1 Kf8 32. Nc1 Ke7 33.
Kf1 h5 34. Ke2 g5 35. N1d3 Be8 36. h3 f6 37. Bc3 Bg6 38. g4 f5 39. f3 Bf6 40.
Ne5 Be8 41. Ncd3 Bg7 42. Be1 Nxe5 43. dxe5 Nc4 44. gxf5 Nxe5 45. h4 Nxd3 46.
Kxd3 gxh4 47. Bxh4+ Kd6 48. fxe6 Bg6+ 49. e4 Kxe6 50. Bh3+ Kd6 51. Bf2 Be5 52.
Bc5+ Kc6 53. Ke3 Bh2 54. Be7 Bg1+ 55. Kd3 Bf2 56. Ke2 Bd4 57. exd5+ Kxd5 58.
Bd7 Kc4 59. Be6+ Kc3 60. f4 Be4 61. f5 h4 62. f6 Bxf6 63. Bxf6+ Kxb4 64. Bxh4
Kc5 65. Ke3 Bd5 66. Bd7 Bc6 67. Bg4 Kb6 68. Kd4 Kb7 1/2-1/2

[Event "Monarch Assurance Isle of Man"]
[Site "Port Erin IOM"]
[Date "2006.09.29"]
[Round "7.6"]
[White "Efimenko, Zahar"]
[Black "Golod, Vitali"]
[Result "1/2-1/2"]
[WhiteElo "2632"]
[BlackElo "2576"]
[PlyCount "40"]
[EventDate "2006.09.23"]

1. e4 e5 2. Nf3 Nc6 3. Bb5 a6 4. Ba4 Nf6 5. d3 d6 6. c3 g6 7. O-O Bd7 8. Re1
Bg7 9. Nbd2 O-O 10. Nf1 Nh5 11. Ne3 Re8 12. Nd5 Ne7 13. Bg5 Bxa4 14. Qxa4 f6
15. Qb3 Kh8 16. Bd2 Nxd5 17. exd5 Qc8 18. h3 f5 19. Re2 h6 20. Rae1 Nf6 1/2-1/2

[Event "Monarch Assurance Isle of Man"]
[Site "Port Erin IOM"]
[Date "2006.09.29"]
[Round "7.7"]
[White "Zatonskih, Anna"]
[Black "Shabalov, Alexander"]
[Result "0-1"]
[WhiteElo "2432"]
[BlackElo "2604"]
[PlyCount "107"]
[EventDate "2006.09.23"]

1. d4 Nf6 2. Nf3 g6 3. c4 Bg7 4. g3 O-O 5. Bg2 d6 6. O-O c6 7. Nc3 Qa5 8. h3
Qa6 9. b3 b5 10. cxb5 cxb5 11. Re1 Bb7 12. Bg5 b4 13. Na4 Nbd7 14. Bf1 Be4 15.
Nd2 Bc6 16. e4 Bb5 17. Bg2 e5 18. Nb2 exd4 19. Ndc4 Ne5 20. Qxd4 Nfd7 21. Qd2
Bxc4 22. bxc4 Nc5 23. Be7 Rfe8 24. Qxd6 Rac8 25. Qxa6 Nxa6 26. Bd6 Nxc4 27. e5
Nxb2 28. Bb7 Nc5 29. Bxc8 Rxc8 30. Rec1 Nbd3 31. Rc2 Bxe5 32. Bxe5 Nxe5 33. Rd1
Rc6 34. f4 Ne6 35. Rf2 Nc4 36. Rc2 Rd6 37. Rxd6 Nxd6 38. Rc6 Ne4 39. Kg2 N4c5
40. Rc8+ Kg7 41. Rb8 Nd3 42. Ra8 h5 43. h4 Nd4 44. Rxa7 Kf6 45. Rd7 Ne1+ 46.
Kf2 Nec2 47. Rd6+ Kf5 48. Rd7 Ke6 49. Rb7 Nc6 50. Rc7 N2d4 51. Ke3 Nf5+ 52. Kf3
Ncd4+ 53. Kf2 Nd6 54. Rc5 0-1

[Event "Monarch Assurance Isle of Man"]
[Site "Port Erin IOM"]
[Date "2006.09.29"]
[Round "7.8"]
[White "Iordachescu, Viorel"]
[Black "Kuzubov, Yuri"]
[Result "1/2-1/2"]
[WhiteElo "2603"]
[BlackElo "2554"]
[PlyCount "223"]
[EventDate "2006.09.23"]

1. e4 c5 2. Nf3 Nc6 3. Bb5 g6 4. Bxc6 dxc6 5. d3 Bg7 6. h3 e5 7. a4 Qe7 8. Be3
Nf6 9. Qd2 c4 10. Qc3 cxd3 11. cxd3 Nd7 12. a5 Qe6 13. O-O O-O 14. Rc1 Nb8 15.
Nbd2 Rd8 16. Nc4 f6 17. d4 exd4 18. Bxd4 Na6 19. b4 Nc7 20. Qe3 Nb5 21. Bc5 Re8
22. Nd4 Nxd4 {(=)} 23. Qxd4 Qxe4 24. Qxe4 Rxe4 25. Nd6 Re6 26. Re1 Bf8 27. Ne8
Bxc5 28. bxc5 Rb8 29. Rxe6 Bxe6 30. Nxf6+ Kg7 31. Ne4 Bd5 32. Nd6 Kf6 33. Rb1
Ke5 34. Nxb7 Be4 35. Rb3 Kd4 36. a6 Bd3 37. Ra3 Bb5 38. Ra1 Bxa6 39. Rxa6 Rxb7
40. Rxc6 a5 41. Ra6 Kxc5 42. Rxa5+ Kd6 43. h4 Ke6 44. h5 Kf6 45. f3 Kg7 46. Kh2
Rc7 47. g4 Kh6 48. Kg3 g5 49. Kf2 Rc3 50. Ke2 Rb3 51. Rc5 Ra3 52. Rf5 Rb3 53.
Rd5 Ra3 54. Rd3 Ra7 55. Rd6+ Kg7 56. Ke3 h6 57. Rg6+ Kh7 58. Re6 Rf7 59. Ra6
Kg7 60. Rb6 Kh7 61. Rb8 Rf4 62. Rb7+ Kg8 63. Rd7 Ra4 64. Rd4 Ra7 65. Rd6 Kg7
66. Rd5 Ra4 67. Rd7+ Kg8 68. Rd4 Ra7 69. Ke4 Kg7 70. Rd6 Re7+ 71. Kd4 Rf7 72.
Ke3 Re7+ 73. Kd2 Rf7 74. Rg6+ Kh7 75. Ke3 Rf4 76. Rd6 Ra4 77. Rd7+ Kg8 78. Rd4
Ra7 79. Ke4 Kg7 80. Rd5 Rf7 81. Rf5 Ra7 82. Rc5 Rf7 83. Rc3 Re7+ 84. Kd5 Ra7
85. Ke6 Rf7 86. Re3 Rf6+ 87. Kd7 Rf7+ 88. Kd6 Rf6+ 89. Ke5 Rf7 90. Ra3 Re7+ 91.
Kf5 Rf7+ 92. Ke6 Rf6+ 93. Ke5 Rf7 94. Rd3 Re7+ 95. Kd6 Rf7 96. Re3 Rf6+ 97. Kd7
Rf4 98. Re7+ Kg8 99. Re6 Kg7 100. Re3 Rd4+ 101. Ke8 Rf4 102. Re7+ Kg8 103. Re3
Kg7 104. Kd7 Rd4+ 105. Ke8 Rf4 106. Re7+ Kg8 107. Re6 Kg7 108. Re3 Rf8+ 109.
Kd7 Rf4 110. Kd6 Rf6+ 111. Kd5 Rf7 112. Rd3 1/2-1/2

[Event "Monarch Assurance Isle of Man"]
[Site "Port Erin IOM"]
[Date "2006.09.29"]
[Round "7.9"]
[White "Gormally, Daniel W"]
[Black "Malakhatko, Vadim"]
[Result "1/2-1/2"]
[WhiteElo "2513"]
[BlackElo "2594"]
[PlyCount "52"]
[EventDate "2006.09.23"]

1. d4 d5 2. c4 c6 3. Nf3 Nf6 4. e3 Bf5 5. Nc3 e6 6. Nh4 Bg6 7. g3 Nbd7 8. Qb3
Qc7 9. Nxg6 hxg6 10. Bd2 Be7 11. Be2 dxc4 12. Bxc4 O-O 13. Rc1 e5 14. O-O Rad8
15. Rfd1 exd4 16. Nb5 Qb6 17. Nxd4 Qxb3 18. Bxb3 Ne5 19. Ba5 Rc8 20. Kg2 Rfe8
21. Bc3 Ne4 22. Nf3 Nxf3 23. Kxf3 Nxc3 24. Rxc3 Rcd8 25. Rcd3 Rxd3 26. Rxd3 Rd8
1/2-1/2

[Event "Monarch Assurance Isle of Man"]
[Site "Port Erin IOM"]
[Date "2006.09.29"]
[Round "7.10"]
[White "Postny, Evgeny"]
[Black "Bobras, Piotr"]
[Result "1/2-1/2"]
[WhiteElo "2591"]
[BlackElo "2535"]
[PlyCount "122"]
[EventDate "2006.09.23"]

1. Nf3 Nf6 2. c4 c6 3. d4 d5 4. Qc2 dxc4 5. Qxc4 Bg4 6. Nbd2 Nbd7 7. g3 e6 8.
Bg2 Be7 9. O-O O-O 10. b3 Bf5 11. e3 Ne4 12. Bb2 Ne5 {(=)} 13. Qe2 Nxd2 14.
Qxd2 Nxf3+ 15. Bxf3 a5 16. Rfd1 Qb6 17. e4 Bg6 18. h4 h6 19. h5 Bh7 20. d5 cxd5
21. exd5 exd5 22. Qxd5 Bc5 23. Bd4 Bxd4 24. Qxd4 Qxd4 25. Rxd4 Rab8 26. Rc1 b6
27. Rd6 Rfd8 28. Rxd8+ Rxd8 29. Rc6 Rb8 30. Bd5 Kf8 31. Rc7 Bg8 32. Kf1 f6 33.
Bxg8 Kxg8 34. a4 Kf8 35. Ke2 Re8+ 36. Kd3 Re5 37. Rb7 Rxh5 38. Rxb6 Rg5 39. Rb7
Ke8 40. Kc3 Kd8 41. Ra7 Kc8 42. Kc4 Kb8 43. Rd7 h5 44. Rd3 Rf5 45. f4 h4 46.
gxh4 Rxf4+ 47. Kb5 Rxh4 48. Kxa5 Rh8 49. Rd7 Rg8 50. Rf7 g5 51. Rxf6 g4 52. Rf2
g3 53. Rg2 Kb7 54. Kb5 Rg4 55. Kc5 Ka6 56. Kd5 Ka5 57. Ke5 Kb4 58. Kf5 Rg8 59.
Kf4 Kxb3 60. Rxg3+ Rxg3 61. Kxg3 Kxa4 1/2-1/2

[Event "Monarch Assurance Isle of Man"]
[Site "Port Erin IOM"]
[Date "2006.09.29"]
[Round "7.11"]
[White "Khenkin, Igor"]
[Black "Quillan, Gary"]
[Result "1-0"]
[WhiteElo "2586"]
[BlackElo "2344"]
[PlyCount "55"]
[EventDate "2006.09.23"]

1. d4 Nf6 2. c4 e6 3. Nc3 c5 4. d5 exd5 5. cxd5 d6 6. e4 g6 7. f4 Bg7 8. Bb5+
Nfd7 9. Nf3 a6 10. Bd3 b5 11. a3 O-O 12. O-O b4 13. axb4 cxb4 14. Na4 Nf6 15.
Be3 Nbd7 16. Nd4 Qe8 17. Qf3 Nc5 18. Nxc5 dxc5 19. Nc6 c4 20. Bxc4 Bg4 21. Qg3
Qxe4 22. Bd4 Nh5 23. Qf2 Bxd4 24. Nxd4 Qe7 25. f5 Qc5 26. Rac1 Bxf5 27. Be2 Qa7
28. Bxh5 1-0

[Event "Monarch Assurance Isle of Man"]
[Site "Port Erin IOM"]
[Date "2006.09.29"]
[Round "7.12"]
[White "Korneev, Oleg"]
[Black "Sarakauskas, Gediminas"]
[Result "1/2-1/2"]
[WhiteElo "2638"]
[BlackElo "2414"]
[PlyCount "107"]
[EventDate "2006.09.23"]

1. e4 e6 2. d4 d5 3. Nc3 Nf6 4. Bg5 dxe4 5. Nxe4 Be7 6. Bxf6 Bxf6 7. Nf3 Bd7 8.
Bc4 Bc6 9. Qd3 Nd7 10. O-O-O Nb6 11. Bb5 Qd5 12. Bxc6+ Qxc6 13. Ne5 Bxe5 14.
dxe5 Qd5 15. Qxd5 Nxd5 16. c4 Nb4 17. a3 Nc6 18. f4 Na5 19. c5 Rd8 20. Kc2 Ke7
21. Kc3 Nc6 22. b4 a6 23. g3 h6 24. a4 Rxd1 25. Rxd1 Rd8 26. Rxd8 Kxd8 27. b5
axb5 28. axb5 Ne7 29. Kd4 Nd5 30. Nf2 g6 31. Ng4 h5 32. Nf6 Nxf6 33. exf6 b6
34. Kc4 Kd7 35. Kd3 Kd8 36. Kd4 Kd7 37. Kc4 Kd8 38. Kb3 Kd7 39. Kc4 Kd8 40. Kc3
Kd7 41. Kd4 Kd8 42. Kd3 Kd7 43. Ke4 Kc8 44. cxb6 cxb6 45. Kf3 Kd7 46. Ke4 Kd6
47. Kd4 Kc7 48. Ke5 Kd7 49. h3 Kc7 50. g4 hxg4 51. hxg4 Kd7 52. Kd4 Kd6 53. Ke4
Kc7 54. Ke5 1/2-1/2

[Event "Monarch Assurance Isle of Man"]
[Site "Port Erin IOM"]
[Date "2006.09.29"]
[Round "7.13"]
[White "Hebden, Mark L"]
[Black "Kazhgaleyev, Murtas"]
[Result "1/2-1/2"]
[WhiteElo "2532"]
[BlackElo "2606"]
[PlyCount "100"]
[EventDate "2006.09.23"]

1. d4 Nf6 2. Nf3 d5 3. c4 e6 4. Bg5 dxc4 5. Qa4+ c6 6. Qxc4 h6 7. Bxf6 Qxf6 8.
e4 Nd7 9. Nc3 e5 10. d5 Nb6 11. Qb3 Bc5 12. dxc6 bxc6 13. Be2 g5 14. O-O-O g4
15. Ne1 Rb8 16. f3 h5 17. fxg4 hxg4 18. Rf1 Qg5+ 19. Kb1 Be6 20. Qc2 Rxh2 21.
Nd5 cxd5 22. exd5 Bd7 23. Qxc5 Na4 24. Qxa7 Rxb2+ 25. Ka1 Rxe2 26. Rxf7 Kxf7
27. Qxd7+ Qe7 28. Qxa4 e4 29. Qb5 Rf2 30. Kb1 Rh8 31. d6 Qe6 32. Nc2 Rd8 33.
Qh5+ Qg6 34. Qd5+ Kg7 35. Qd4+ Qf6 36. Qa7+ Kg6 37. Qb7 Qf4 38. Qb3 Qf6 39. Ne3
Qf7 40. Rd5 Rd7 41. Qd1 Rb7+ 42. Kc1 Qf6 43. Qxg4+ Kf7 44. Qh5+ Kf8 45. Rf5
Rxf5 46. Qxf5 Rf7 47. Qc8+ Kg7 48. Qg4+ Kf8 49. Qc8+ Kg7 50. Qg4+ Kf8 1/2-1/2

[Event "Monarch Assurance Isle of Man"]
[Site "Port Erin IOM"]
[Date "2006.09.29"]
[Round "7.14"]
[White "Yakovich, Yuri"]
[Black "Peek, Marcel"]
[Result "1-0"]
[WhiteElo "2583"]
[BlackElo "2367"]
[PlyCount "65"]
[EventDate "2006.09.23"]

1. d4 f5 2. g3 Nf6 3. Bg2 g6 4. Nf3 Bg7 5. c4 O-O 6. b4 Ne4 7. O-O d6 8. Bb2
Qe8 9. Nbd2 Nxd2 10. Qxd2 Nd7 11. e4 fxe4 12. Ng5 Nf6 13. Nxe4 Nxe4 14. Bxe4 c6
15. d5 Bxb2 16. Qxb2 Bd7 17. Bg2 Rc8 18. Rae1 c5 19. b5 a6 20. bxa6 bxa6 21.
Re3 a5 22. Rfe1 Rf7 23. Qe2 Rb8 24. h4 Kf8 25. h5 Bf5 26. g4 Bc8 27. hxg6 hxg6
28. Be4 Rg7 29. Rh3 Kg8 30. Kg2 Rh7 31. Rxh7 Kxh7 32. Rh1+ Kg7 33. Qe3 1-0

[Event "Monarch Assurance Isle of Man"]
[Site "Port Erin IOM"]
[Date "2006.09.29"]
[Round "7.15"]
[White "Haslinger, Stewart G"]
[Black "Stocek, Jiri"]
[Result "0-1"]
[WhiteElo "2423"]
[BlackElo "2561"]
[PlyCount "65"]
[EventDate "2006.09.23"]

1. Nf3 d5 2. c4 e6 3. d4 Nf6 4. g3 Bb4+ 5. Bd2 a5 6. Bg2 O-O 7. O-O Nbd7 8. Qc2
c6 9. Bf4 Be7 10. Nbd2 Nh5 11. Rac1 h6 12. Bh3 Nxf4 13. gxf4 Ra6 14. Kh1 Re8
15. Rg1 c5 16. dxc5 Nxc5 17. Ne5 Bf8 18. Ng4 e5 19. fxe5 {(=)} 19... Bxg4 20.
Bxg4 Rxe5 21. cxd5 Rxd5 22. Ne4 Rc6 23. Bf3 Nd3 24. Nc3 Nxf2+ 25. Kg2 Rg6+ 26.
Kxf2 Bc5+ 27. e3 Rd2+ 28. Ne2 Qh4+ 29. Rg3 Qxh2+ 30. Rg2 Qh4+ 31. Kf1 Rxc2 32.
Rxc2 Bxe3 33. Ng1 0-1

[Event "Monarch Assurance Isle of Man"]
[Site "Port Erin IOM"]
[Date "2006.09.29"]
[Round "7.16"]
[White "Vasilevich, Tatjana"]
[Black "Kiriakov, Petr"]
[Result "1/2-1/2"]
[WhiteElo "2412"]
[BlackElo "2554"]
[PlyCount "43"]
[EventDate "2006.09.23"]

1. d4 e6 2. Nf3 Nf6 3. c4 d5 4. g3 Be7 5. Bg2 O-O 6. O-O dxc4 7. Ne5 Qd6 8. Na3
Rd8 9. e3 Qa6 10. Qc2 c5 11. dxc5 Bxc5 12. Naxc4 Nbd7 13. Rd1 Be7 14. b3 Nxe5
15. Nxe5 Nd5 16. Bb2 Bd7 17. Nxd7 Rxd7 18. Bxd5 exd5 19. Rd3 Rad8 20. Rad1 Qe6
21. Qe2 Qf5 22. Kg2 1/2-1/2

[Event "Monarch Assurance Isle of Man"]
[Site "Port Erin IOM"]
[Date "2006.09.29"]
[Round "7.18"]
[White "Ledger, Andrew J"]
[Black "Wells, Peter K"]
[Result "0-1"]
[WhiteElo "2411"]
[BlackElo "2480"]
[PlyCount "48"]
[EventDate "2006.09.23"]

1. c4 e6 2. Nc3 Nf6 3. e4 c5 4. f4 Nc6 5. Nf3 d5 6. e5 d4 7. exf6 dxc3 8. bxc3
Qxf6 9. d4 cxd4 10. Nxd4 Bc5 11. Nb3 Bb6 12. Qf3 O-O 13. Be2 e5 14. fxe5 Qe7
15. Bf4 Nxe5 16. Qe4 Re8 17. Rd1 Qh4+ 18. g3 Bf5 19. Qxb7 Qf6 20. Kd2 Nxc4+ 21.
Bxc4 Rad8+ 22. Bd5 Re7 23. Qxe7 Rxd5+ 24. Kc1 Qxc3# 0-1

[Event "Monarch Assurance Isle of Man"]
[Site "Port Erin IOM"]
[Date "2006.09.29"]
[Round "7.19"]
[White "Dworakowska, Joanna"]
[Black "Ikonnikov, Vyacheslav"]
[Result "1/2-1/2"]
[WhiteElo "2359"]
[BlackElo "2587"]
[PlyCount "60"]
[EventDate "2006.09.23"]

1. e4 c5 2. Nf3 Nc6 3. Bb5 g6 4. Bxc6 dxc6 5. d3 Bg7 6. h3 b6 7. O-O Nh6 8. a3
O-O 9. Nc3 f6 10. b4 cxb4 11. axb4 e5 12. Bb2 Be6 13. Ra6 Rf7 14. Qe1 Bf8 15.
Bc1 Rb7 16. Be3 Nf7 17. Qa1 Qc7 18. Nd2 Rd8 19. b5 c5 20. Re1 Rd7 21. Nc4 Nd6
22. Nxd6 Qxd6 23. Nd1 f5 24. f3 f4 25. Bf2 g5 26. Nb2 Bg7 27. Kf1 h5 28. Ke2
Bf6 29. Qa3 Re7 30. Nc4 Qc7 {illegible score sheets (70 moves)} 1/2-1/2

[Event "Monarch Assurance Isle of Man"]
[Site "Port Erin IOM"]
[Date "2006.09.29"]
[Round "7.20"]
[White "Al Sayed, Mohamad N"]
[Black "Sriram, Jha"]
[Result "0-1"]
[WhiteElo "2492"]
[BlackElo "2408"]
[PlyCount "54"]
[EventDate "2006.09.23"]

1. d4 d5 2. c4 c6 3. Nc3 Nf6 4. e3 a6 5. Nf3 b5 6. c5 g6 7. Qb3 a5 8. Ne5 a4 9.
Qa3 Bg7 10. Bd2 O-O 11. b3 Ne4 12. Nxe4 dxe4 13. Be2 Qc7 14. f4 {(=)} 14... f6
15. Ng4 e5 16. dxe5 fxe5 17. O-O exf4 18. exf4 Bxg4 19. Bxg4 Bd4+ 20. Kh1 e3
21. Bb4 Rxf4 22. Be6+ Kg7 23. Qc1 Na6 24. Rxf4 Qxf4 25. Bc3 Nxc5 26. Bh3 Nd3
27. Bxd4+ Qxd4 0-1

[Event "Monarch Assurance Isle of Man"]
[Site "Port Erin IOM"]
[Date "2006.09.29"]
[Round "7.21"]
[White "Arkell, Keith C"]
[Black "Devereaux, Maxim L"]
[Result "1/2-1/2"]
[WhiteElo "2479"]
[BlackElo "2377"]
[PlyCount "154"]
[EventDate "2006.09.23"]

1. c4 Nf6 2. Nc3 d5 3. cxd5 Nxd5 4. e4 Nxc3 5. dxc3 Qxd1+ 6. Kxd1 e5 7. Bc4 Be6
8. Bxe6 fxe6 9. Be3 Nd7 10. Nf3 Bd6 11. Nd2 Bc5 12. Re1 Rf8 13. f3 Rd8 14. Kc2
Bxe3 15. Rxe3 Nb6 16. Rd3 Ke7 17. a4 Rxd3 18. Kxd3 a5 19. b4 Ra8 20. Nb3 Rd8+
21. Ke2 Nc4 22. bxa5 Ra8 23. Nc5 Nxa5 24. Rd1 b6 25. Rd7+ Kf6 26. Nd3 Nc4 27.
Rxc7 Rxa4 28. Nb4 Na5 29. h4 Ra1 30. g4 h6 31. Kf2 Rd1 32. Kg2 Rd2+ 33. Kg3 Rd1
34. Kf2 Rd2+ 35. Ke3 Rh2 36. g5+ hxg5 37. hxg5+ Kxg5 38. Nd3 Kf6 39. Nf2 Rh5
40. Ng4+ Kg6 41. Re7 Nc4+ 42. Kd3 b5 43. Rb7 Na3 44. Rc7 Rh3 45. Nxe5+ Kg5 46.
Ke3 Nc2+ 47. Kf2 b4 48. Kg2 Rh5 49. cxb4 Nxb4 50. Kg3 Rh1 51. f4+ Kh6 52. Re7
Rg1+ 53. Kf2 Ra1 54. Rxe6+ Kh5 55. Rb6 Ra2+ 56. Kf3 Ra3+ 57. Ke2 Ra2+ 58. Ke3
Nc2+ 59. Kd2 Nd4+ 60. Kd3 Ne2 61. Ke3 Ng3 62. Nd3 Nf1+ 63. Kd4 Kg4 64. Rg6+ Kf3
65. Ne5+ Kf2 66. Nd3+ Kf3 67. Ne5+ Kf2 68. Nc4 Ra4 69. Kd5 Ne3+ 70. Nxe3 Kxe3
71. e5 Ra5+ 72. Kc4 Kxf4 73. e6 Kf5 74. e7 Re5 75. Rxg7 Kf6 76. Kd4 Rxe7 77.
Rxe7 Kxe7 1/2-1/2

[Event "Monarch Assurance Isle of Man"]
[Site "Port Erin IOM"]
[Date "2006.09.29"]
[Round "7.22"]
[White "Mohota, Nisha"]
[Black "Williams, Simon K"]
[Result "1/2-1/2"]
[WhiteElo "2313"]
[BlackElo "2473"]
[PlyCount "85"]
[EventDate "2006.09.23"]

1. d4 e6 2. c4 f5 3. g3 Nf6 4. Bg2 Be7 5. Nf3 O-O 6. O-O d6 7. Nc3 a5 8. b3 Ne4
9. Bb2 Nxc3 10. Bxc3 Qe8 11. Qe1 a4 12. e4 f4 13. e5 d5 14. Bd2 g5 15. g4 h5
16. h3 hxg4 17. hxg4 Qg6 18. Bb4 Bxb4 19. Qxb4 Nc6 20. Qc3 Bd7 21. Nd2 Ne7 22.
cxd5 exd5 23. Qxc7 Qe6 24. Qd6 Ra6 25. Qxe6+ Bxe6 26. Rac1 Nc6 27. Rfe1 Nxd4
28. Nf3 Nxf3+ 29. Bxf3 axb3 30. axb3 Rb6 31. Red1 Rd8 32. Rd4 Rxb3 33. Kg2 Rd7
34. Rh1 Kg7 35. Rh5 Kg6 36. Be2 Rg7 37. Bd3+ Kf7 38. Bf5 Ke7 39. Rh6 Rb6 40.
Rf6 Rg8 41. Rh6 Rf8 42. Rg6 Rg8 43. Rh6 1/2-1/2

[Event "Monarch Assurance Isle of Man"]
[Site "Port Erin IOM"]
[Date "2006.09.29"]
[Round "7.23"]
[White "Paehtz, Elisabeth"]
[Black "Sharma, Dinesh K"]
[Result "1-0"]
[WhiteElo "2456"]
[BlackElo "2358"]
[PlyCount "67"]
[EventDate "2006.09.23"]

1. e4 c5 2. Nf3 Nc6 3. d4 cxd4 4. Nxd4 Qc7 5. Nc3 e6 6. Nb3 Nf6 7. Bd3 a6 8.
O-O Be7 9. f4 d6 10. Qf3 O-O 11. Bd2 b6 12. Rae1 Bb7 13. Qh3 g6 14. f5 Bc8 15.
Bh6 Re8 16. Bg5 Qd8 17. Qh4 Rf8 18. Rf3 Ne5 19. Rh3 h5 20. Rg3 Nxd3 21. cxd3
Kh7 22. Rf1 Ra7 23. Rgf3 Kg7 24. g4 exf5 25. gxf5 b5 26. fxg6 fxg6 27. Qf2 Rb7
28. Nd5 Nxd5 29. Bxe7 Qxe7 30. Rxf8 Qg5+ 31. Kh1 Bh3 32. Qf7+ Rxf7 33. R1xf7+
Kh6 34. Rh8# 1-0

[Event "Monarch Assurance Isle of Man"]
[Site "Port Erin IOM"]
[Date "2006.09.29"]
[Round "7.24"]
[White "Walton, Alan J"]
[Black "Hanley, Craig A"]
[Result "0-1"]
[WhiteElo "2222"]
[BlackElo "2419"]
[PlyCount "82"]
[EventDate "2006.09.23"]

1. d4 d5 2. e3 c6 3. Bd3 g6 4. f4 Bg7 5. Nf3 Nh6 6. O-O Bf5 7. c3 O-O 8. Bxf5
Nxf5 9. Qe2 Nd7 10. Nbd2 Nf6 11. e4 dxe4 12. Nxe4 Qd5 13. Nf2 c5 14. g4 Nd6 15.
dxc5 Qxc5 16. Be3 Qc4 17. Rfe1 Nd5 18. Nd3 Qc8 19. Qg2 Nxe3 20. Rxe3 Nc4 21.
Re2 Rd8 22. Nde5 Rd5 23. Rae1 e6 24. Qh3 Qc5+ 25. Kh1 Nxe5 26. Nxe5 Rad8 27. g5
Bxe5 28. fxe5 Rd1 29. Qf3 Qc4 30. Rxd1 Rxd1+ 31. Kg2 Rd3 32. Qxb7 Qg4+ 33. Kf2
Qf4+ 34. Ke1 Rf3 35. Kd1 Rf1+ 36. Kc2 Qc1+ 37. Kb3 Qd1+ 38. Rc2 Rf2 39. Qe4 a5
40. a4 Rd2 41. h4 Kg7 0-1

[Event "Monarch Assurance Isle of Man"]
[Site "Port Erin IOM"]
[Date "2006.09.29"]
[Round "7.25"]
[White "Cox, John J"]
[Black "Zozulia, Anna"]
[Result "1-0"]
[WhiteElo "2418"]
[BlackElo "2352"]
[PlyCount "119"]
[EventDate "2006.09.23"]

1. d4 g6 2. c4 Bg7 3. Nf3 Nf6 4. Nc3 c6 5. e4 d5 6. e5 Ne4 7. Bd3 Nxc3 8. bxc3
dxc4 9. Bxc4 O-O 10. O-O b5 11. Bb3 a5 12. Re1 a4 13. Bc2 Na6 14. Ng5 Nc7 15.
Qf3 h6 16. Ne4 Bf5 17. g4 Bxe4 18. Bxe4 Nd5 19. Qh3 Qd7 20. Bxh6 Bxh6 21. e6
Qxe6 22. Bxd5 Qxd5 23. Qxh6 Qf3 24. Re3 Qf6 25. g5 Qg7 26. Qxg7+ Kxg7 27. Rxe7
Rfd8 28. Rae1 b4 29. cxb4 Rxd4 30. R1e4 Rad8 31. Kg2 R4d5 32. h4 Rf5 33. a3 Rd1
34. R7e5 Rxe5 35. Rxe5 Ra1 36. Re3 Rc1 37. Kg3 c5 38. bxc5 Rxc5 39. f3 Kf8 40.
Re4 Ra5 41. Kf2 Ra6 42. Ke3 Ra5 43. f4 Kg7 44. Kd3 Ra8 45. Kc3 Rh8 46. Rxa4
Rxh4 47. Rc4 f6 48. a4 fxg5 49. fxg5 Rh1 50. a5 Ra1 51. Kb4 Kf7 52. Re4 Rb1+
53. Kc5 Ra1 54. Kb6 Rb1+ 55. Ka6 Rd1 56. Re5 Rb1 57. Rb5 Re1 58. Ka7 Ke6 59. a6
Rh1 60. Kb6 1-0